书目信息 |
| 题名: |
艺术·设计的平面构成
|
|
| 作者: | 朝仓直巳 著 ;吕清夫 译 | |
| 分册: | ||
| 出版信息: | 上海 上海人民美术出版社 1991 |
|
| 页数: | 285页 | |
| 开本: | 26cm | |
| 丛书名: | ||
| 单 册: | ||
| 中图分类: | J206.1 | |
| 科图分类: | ||
| 主题词: | 绘画理论 | |
| 电子资源: | ||
| ISBN: | 7-5322-0658-0 | |
| 000 | 00710nam0 2200229 450 | |
| 001 | 0638848802 | |
| 005 | 20061119105151.79 | |
| 010 | @a7-5322-0658-0@dCNY14.00 | |
| 100 | @a20061119d1991 km y0chiy0120 ea | |
| 101 | 0 | @achi |
| 102 | @aCN@b310000 | |
| 102 | @aCN@b310000 | |
| 200 | 1 | @a艺术·设计的平面构成@Ayi shu·she ji de ping mian gou cheng@f(日)朝仓直巳著@F(ri)chao cang zhi si zhu@g吕清夫译@Glu qing fu yi |
| 210 | @a上海@c上海人民美术出版社@d1991 | |
| 210 | @a上海@c上海人民美术出版社 | |
| 215 | @a285页@d26cm | |
| 606 | 0 | @a绘画理论 |
| 690 | @aJ206.1@v3 | |
| 701 | 0 | @a朝仓直巳@Achao cang zhi si@4著 |
| 702 | 0 | @a吕清夫@Alu qing fu@4译 |
| 801 | 0 | @aCN@bPFT@c20061119 |
| 905 | @a10447@dJ206.1@e86 | |
| 艺术·设计的平面构成/(日)朝仓直巳著/吕清夫译.-上海:上海人民美术出版社,1991.-上海:上海人民美术出版社 |
| 285页;26cm |
| ISBN 7-5322-0658-0:CNY14.00 |
| ● |
| 相关链接 |
|
|
|
|
正题名:艺术·设计的平面构成
索取号:J206.1/86
 
预约/预借
| 序号 | 登录号 | 条形码 | 馆藏地/架位号 | 状态 | 备注 |
| 1 | 0258239 | 000797506 | 第一样本阅览室/ [索取号:J206.1/86] | 在馆 |